LEADER 01083nam a2200241 a 4500 001 000000129891 003 CaOOAMICUS 005 20120903164114.0 008 120903s2012 it m 000 0 ita r 040 $aPUL$bita 100 1 $aMossucca, Vincenzo.$0(OLS)http://pul/name/83177 245 13$aLa comunione per la missione nel consiglio presbiteriale /$cVincenzo Mossucca. 260 $aRoma :$bPontificia Università Lateranense,$c2012. 300 $a198 p.$c24 cm 502 $aTesi -- Pontificia Universitas Lateranensis. Facultas Iuris Canonici. Roma, 2012. 504 $aFonti e bibliografia: p. [181]-195. 710 2 $aPontificia Università Lateranense.$bFacoltà di diritto canonico.$0(OLS)http://pul/name/3179 850 $aPUL 852 $aPUL$W1$xDP1 Tesi Pon Univ. Lateranense$y41$m2012 C 13$j150345$qTesi$B148928$CPULBib$Z2$F148928 $82 941 1 $a16 996 $6245$aLa comunione per la missione nel consiglio presbiteriale$9(OLS)http://pul/title/164187 996 $6260$aRoma :$bPontificia Università Lateranense$9(OLS)http://pul/publisher/47963 LEADER 01658nam a2200349 a 4500 001 000000133068 003 CaOOAMICUS 005 20130311113340.0 008 130311s2012 it u000 u ita r 020 $a978-88-13-31509-2 (v. 1-2) 040 $aPUL$bita 082 04$a346.4503 245 00$aTrattato della responsabilità civile /$cdiretto da Pasquale Stanzione. 260 $aPadova :$bCEDAM,$c2012. 300 $a2 v. ;$c25 cm 504 $aInclude riferimenti bibliografici. 505 0 $aV. 1. Responsabilità contrattuale. -- v. 2. Responsabilità extracontrattuale. 650 4$aResponsabilità civile.$0(OLS)http://pul/subject/17546 700 1 $aStanzione, Pasquale.$0(OLS)http://pul/name/37178 740 02$aResponsabilità contrattuale. 740 02$aResponsabilità extracontrattuale. 850 $aPUL 852 $aPUL$W1$xSL Diritto e Scienze Sociali 3$y79$m346. 4503 STAPA 1.1$j152995$av. 1$qDDC 21$B152491$CPULBib$Z2$F152491 $H121779 $82 852 $aPUL$W1$xSL Diritto e Scienze Sociali 3$y79$m346. 4503 STAPA 1.2$j152996$av. 2$qDDC 21$B152492$CPULBib$Z2$F152492 $H121780 $82 941 1 $a9 996 $6020$a978-88-13-31509-2 (v. 1-2)$9(OLS)http://pul/number/152038 996 $6082$a346.4503$9(OLS)http://pul/classification/455 996 $6740$aResponsabilità extracontrattuale$9(OLS)http://pul/title/168132 996 $6245$aTrattato della responsabilità civile$9(OLS)http://pul/title/168130 996 $6740$aResponsabilità contrattuale$9(OLS)http://pul/title/168131 996 $6260$aPadova :$bCEDAM$9(OLS)http://pul/publisher/48126